[Event "Match"]
[Site "www.echecsemail.com"]
[Date "2015.05.01"]
[Round "1"]
[White "Canario"]
[Black "Harrytheking"]
[WhiteElo "1700"]
[BlackElo "1690"]
[Result "1-0"]
[Round "1"]
1.e4 Nb8c6
2.d4 a6
3.Ng1f3 h6
4.Nb1c3 e6
5.a3 d6
6.Bc1e3 Ng8e7
7.Bf1d3 Ne7g6
8.d5 exd5
9.exd5 Nc6e7
10.h3 Ne7f5
11.Bd3xf5 Bc8xf5
12.g4 Bf5d7
13.Qd1d3 c5
14.O-O-O Bf8e7
15.Rh1e1 O-O
16.g5 hxg5
17.Re1g1 Ng6f4
18.Be3xf4 gxf4
19.h4 b5
20.Nc3e4 f5
21.Ne4g5 Be7xg5
22.hxg5 g6
23.Rd1e1 c4
24.Qd3d4 Rf8f7
25.Rg1h1 Rf7h7
26.Rh1xh7 Kxh7
27.Re1h1 Kg8
28.Qd4h8 Kf7
29.Rh1h7 
1-0

[Event "Match"]
[Site "www.echecsemail.com"]
[Date "2015.05.01"]
[Round "1"]
[White "Ppawn"]
[Black "Wwgia"]
[WhiteElo "2080"]
[BlackElo "2050"]
[Result "0-1"]
[Round "1"]
1.d4 Ng8f6
2.c4 g6
3.Nb1c3 d5
4.cxd5 Nf6xd5
5.g3 Bf8g7
6.Bf1g2 Nd5xc3
7.bxc3 O-O
8.e3 c5
9.Ng1e2 Nb8c6
10.Bc1a3 cxd4
11.exd4 { time. }
0-1

[Event "Match"]
[Site "www.echecsemail.com"]
[Date "2015.05.01"]
[Round "1"]
[White "Swampcat"]
[Black "Derik"]
[WhiteElo "1230"]
[BlackElo "1470"]
[Result "1-0"]
[Round "1"]
1.e4 e6
2.d4 d5
3.e5 Nb8c6
4.Ng1f3 Ng8e7
5.Bf1b5 g6
6.Bc1g5 Bf8g7
7.O-O O-O
8.c3 Nc6a5
9.Qd1d2 Ne7f5
10.Bg5xd8 Rf8xd8
11.Nb1a3 c6
12.Bb5a4 Bg7h6
13.Qd2e2 b5
14.Ba4c2 Bc8a6
15.b4 Na5c4
16.Na3xc4 bxc4
17.Bc2xf5 exf5
18.a4 Ra8b8
19.e6 Rd8e8
20.Nf3e5 Re8xe6
21.Rf1e1 f6
22.Ne5xc6 Re6xc6
23.b5 Rc6b6
24.bxa6 Rb6xa6
25.Re1b1 Rb8c8
26.h3 Kf7
27.Rb1b7 Kg8
28.Qe2e7 Rc8f8
29.Qe7xh7 
1-0

[Event "Eq:Los Tercios-BEAC Hungary : "]
[Site "www.chess-mail.com"]
[Date "2015.05.01"]
[Round "1"]
[White "Shihchuliao"]
[Black "Cardiff"]
[WhiteElo "2050"]
[BlackElo "1970"]
[Result "1-0"]
[Round "1"]
1.d4 d5
2.Nb1c3 e6
3.Ng1f3 Ng8f6
4.Bc1f4 Bf8b4
5.Bf4d2 O-O
6.a3 Bb4xc3
7.Bd2xc3 Nf6e4
8.Bc3b4 Rf8e8
9.e3 a5
10.Bb4d2 b6
11.Bf1d3 Ne4f6
12.Qd1e2 Bc8a6
13.c4 Ba6xc4
14.Bd3xc4 dxc4
15.Qe2xc4 Nb8d7
16.Nf3e5 Nd7xe5
17.dxe5 Nf6d5
18.e4 Nd5e7
19.Bd2c3 Ne7g6
20.O-O Qd8e7
21.g3 h5
22.f4 Qe7d7
23.Ra1d1 Qd7c8
24.f5 Ng6f8
25.Qc4c6 Qc8b8
26.f6 gxf6
27.exf6 Nf8h7
28.e5 Re8d8
29.Qc6f3 Rd8xd1
30.Rf1xd1 Qb8e8
31.Qf3xh5 Ra8d8
32.Qh5g4 { resign }
1-0

[Event "Eq:CONFOEDERATIONIS HELVETICAE-Equipo Juan Diaz : "]
[Site "www.chess-mail.com"]
[Date "2015.05.01"]
[Round "1"]
[White "Asoka"]
[Black "Astigitana"]
[WhiteElo "2630"]
[BlackElo "2460"]
[Result "1-0"]
[Round "1"]
1.e4 c5
2.Ng1f3 d6
3.d4 cxd4
4.Nf3xd4 Ng8f6
5.Nb1c3 e6
6.Bc1e3 Nb8c6
7.Qd1d2 Bf8e7
8.O-O-O d5
9.exd5 Nf6xd5
10.Bf1b5 Bc8d7
11.Nd4f5 { resign }
1-0

[Event "Eq:chess tigers-La Taverne : "]
[Site "www.chess-mail.com"]
[Date "2015.05.01"]
[Round "1"]
[White "Julianlore"]
[Black "Nestor"]
[WhiteElo "1869"]
[BlackElo "2150"]
[Result "1-0"]
[Round "1"]
1.e4 Ng8f6
2.e5 Nf6d5
3.d4 d6
4.Ng1f3 g6
5.Bf1c4 c6
6.O-O Bf8g7
7.exd6 Qd8xd6
8.Rf1e1 O-O
9.Bc1g5 Bc8e6
10.Bc4b3 Nb8d7
11.c4 Nd5f6
12.Nb1c3 Be6f5
13.c5 Qd6c7
14.Re1xe7 h6
15.Bg5h4 Ra8e8
16.Qd1e2 Re8xe7
17.Qe2xe7 Bf5g4
18.Nf3e5 Bg4f5
19.Bb3xf7 Kh8
20.Bf7xg6 { resign }
1-0

[Event "Fast Game"]
[Site "www.echecsemail.com"]
[Date "2015.05.01"]
[Round "1"]
[White "Attatroll"]
[Black "Faerieking"]
[WhiteElo "1810"]
[BlackElo "1809"]
[Result "0-1"]
[Round "1"]
1.e4 e5
2.f4 d5
3.exd5 c6
4.Ng1f3 e4
5.Qd1e2 Ng8f6
6.d3 cxd5
7.dxe4 dxe4
8.Qe2b5 Bc8d7
9.Qb5e5 Bf8e7
10.Nf3d2 Nb8c6
11.Qe5g5 O-O
12.Bf1c4 h6
13.Qg5g3 Nc6d4
14.Bc4b3 Be7c5
15.Nb1c3 Nd4f5
16.Qg3h3 b5
17.Nc3xb5 Nf5e3
18.Qh3g3 Bd7xb5
19.a4 Qd8a5
20.c3 Ra8d8
21.Qg3g6 Bb5a6
22.Nd2xe4 Nf6xe4
23.Qg6xe4 Rf8e8
24.Qe4f3 Ne3c2

0-1

[Event "Fast Game"]
[Site "www.echecsemail.com"]
[Date "2015.05.01"]
[Round "1"]
[White "Kenji"]
[Black "Subh"]
[WhiteElo "1599"]
[BlackElo "1599"]
[Result "1-0"]
[Round "1"]
1.e4 d5
2.exd5 Qd8xd5
3.Nb1c3 Qd5a5
4.d4 c6
5.Ng1f3 Ng8f6
6.Bc1d2 Bc8f5
7.Nc3e4 Qa5c7
8.Bf1d3 Nf6xe4
9.Nf3h4 e6
10.g4 Bf5g6
11.Nh4xg6 Ne4xf2
12.Kxf2 hxg6
13.Kg2 Bf8d6
14.Qd1f3 Nb8d7
15.Ra1f1 Nd7f6
16.Rf1f2 c5
17.g5 Nf6d5
18.c4 Nd5b4
19.Bd2xb4 cxb4
20.c5 Bd6xh2
21.Bd3b5 Kf8
22.Rh1f1 f5
23.gxf6 Rh8h5
24.Qf3g4  { time }
1-0

[Event "Tourn. n8081"]
[Site "www.chess-mail.com"]
[Date "2015.05.02"]
[Round "1"]
[White "Emmanuelasi"]
[Black "Karkaskat"]
[WhiteElo "2300"]
[BlackElo "2450"]
[Result "1/2-1/2"]
[Round "1"]
1.e4 c5
2.d4 cxd4
3.c3 d3
4.c4 Ng8f6
5.Bf1xd3 d6
6.h3 g6
7.Nb1c3 Bf8g7
8.Ng1f3 O-O
9.O-O Nb8c6
10.Bc1e3 a6
11.Qd1d2 Nc6e5
12.Bd3e2 Ne5xf3
13.Be2xf3 Qd8c7
14.b3 Nf6d7
15.Ra1c1 Ra8b8
16.Be3a7 Rb8a8
17.Ba7e3 Ra8b8
18.Be3g5 Nd7f6
19.Rf1e1 Rf8d8
20.Bg5xf6 Bg7xf6
21.Nc3d5 Qc7d7
22.Bf3g4 Qd7e8
23.Nd5xf6 exf6
24.Bg4xc8 Rb8xc8
25.Qd2d5 Qe8c6
26.Re1d1 Qc6xd5
27.cxd5 Kf8
28.f3 Ke7
29.Kf2 Kd7
30.Ke2 h6
31.Kd2 g5
32.Rd1h1 h5
33.g4 h4
34.Rh1e1 { draw }
1/2-1/2

[Event "Tourn. n8053"]
[Site "www.chess-mail.com"]
[Date "2015.05.02"]
[Round "1"]
[White "Andreachess"]
[Black "Falcoale"]
[WhiteElo "1910"]
[BlackElo "1840"]
[Result "1-0"]
[Round "1"]
1.c4 b6
2.Nb1c3 Bc8b7
3.Ng1f3 Ng8f6
4.d4 e6
5.e3 Bf8b4
6.Bf1e2 d5
7.O-O Nb8d7
8.Nf3e5 Nd7xe5
9.Qd1a4 Ne5c6
10.cxd5 Nf6xd5
11.Be2b5 Qd8d7
12.Nc3xd5 Qd7xd5
13.Qa4xb4 a6
14.Bb5xc6 Bb7xc6
15.f3 a5
16.Qb4c3 b5
17.e4 Qd5d7
18.Qc3c5 Qd7d6
19.Bc1f4 Qd6xc5
20.dxc5 Ra8c8
21.Bf4d2 b4
22.a3 Rc8b8
23.Rf1c1 O-O
24.axb4 axb4
25.Ra1a7 Rf8c8
26.Bd2f4 Rb8b7
27.Ra7a6 Bc6b5
28.Ra6a5 c6
29.Rc1d1 f6
30.e5 f5
31.Rd1d6 h6
32.Rd6xe6 Bb5c4
33.Re6d6 Bc4d5
34.e6 Rb7e7
35.Rd6d7 Re7xe6
36.Ra5a7 Re6g6
37.Bf4e5 Bd5xf3
38.Rd7xg7 Rg6xg7
39.Ra7xg7 Kf8
40.gxf3 Rc8e8
41.Be5f6 Re8e2
42.Rg7c7 Re2xb2
43.Bf6xb2 { resign }
1-0

[Event "Tourn. n8001"]
[Site "www.chess-mail.com"]
[Date "2015.05.02"]
[Round "1"]
[White "Tartan"]
[Black "Winterlude"]
[WhiteElo "2360"]
[BlackElo "2540"]
[Result "1/2-1/2"]
[Round "1"]
1.d4 d5
2.c4 e6
3.cxd5 exd5
4.Nb1c3 Ng8f6
5.Bc1g5 c6
6.Ng1f3 Bf8e7
7.e3 Nb8d7
8.Bf1d3 Nf6e4
9.Bg5xe7 Qd8xe7
10.Bd3xe4 dxe4
11.Nf3d2 Nd7f6
12.O-O O-O
13.Qd1c2 Rf8e8
14.Rf1c1 b6
15.Qc2a4 Bc8d7
16.Qa4a6 Re8c8
17.Qa6b7 Qe7e8
18.b4 Qe8d8
19.Qb7a6 Nf6d5
20.Nc3xe4 Nd5xb4
21.Qa6c4 Nb4d5
22.Ne4d6 Rc8c7
23.e4 Bd7g4
24.Nd6xf7 Rc7xf7
25.exd5 cxd5
26.Qc4c6 Ra8b8
27.f3 Bg4h3
28.gxh3 Qd8g5
29.Kh1 Qg5xd2
30.Qc6xd5 Qd2f4
31.Rc1c3 Rb8e8
32.Ra1g1 g6
33.Qd5c4 a5
34.Qc4d3 Rf7e7
35.Qd3c4 Kg7
36.d5 Qf4xc4
37.Rc3xc4 Re7e2
{ draw }
1/2-1/2

[Event "Tourn. n8161"]
[Site "www.chess-mail.com"]
[Date "2015.05.02"]
[Round "1"]
[White "Julianlore"]
[Black "Inez"]
[WhiteElo "1499"]
[BlackElo "1270"]
[Result "1-0"]
[Round "1"]
1.e4 d6
2.d4 Ng8f6
3.Nb1c3 e5
4.dxe5 dxe5
5.Qd1xd8 Kxd8
6.Bc1g5 c6
7.Ng1f3 Nb8d7
8.O-O-O Ke8
9.Bg5h4 Bf8c5
10.Bf1e2 Nf6g4
11.Rh1f1 f6
12.Nf3d2 Ng4h6
13.Nd2b3 Bc5b6
14.Nc3a4 Bb6c7
15.Rd1d2 b5
16.Na4c3 a6
17.Rf1d1 Ke7
18.f3 Nh6f7
19.Bh4f2 Nf7g5
20.f4 exf4
21.Nb3d4 { resign }
1-0

[Event "Tourn. n8171"]
[Site "www.chess-mail.com"]
[Date "2015.05.02"]
[Round "1"]
[White "Thurgau"]
[Black "Cathar"]
[WhiteElo "2700"]
[BlackElo "2280"]
[Result "1-0"]
[Round "1"]
1.e4 d6
2.d4 Ng8f6
3.Nb1c3 e5
4.Ng1f3 Nb8d7
5.Bf1c4 Bf8e7
6.O-O O-O
7.Rf1e1 c6
8.a4 b6
9.h3 a6
10.Bc4a2 Ra8b8
11.Bc1e3 b5
12.axb5 axb5
13.b4 Bc8b7
14.Ba2b3 exd4
15.Nf3xd4 d5
16.Ra1a7 Nd7e5
17.f4 Ne5c4
18.Bb3xc4 dxc4
19.Qd1f3 c5
20.Nd4f5 cxb4
21.Ra7xb7 Rb8xb7
22.e5 Qd8c8
23.exf6 Be7xf6
24.Nc3e4 Qc8xf5
25.Ne4xf6 gxf6
26.Qf3xb7 Rf8e8
27.g4 Qf5xc2
28.Qb7xb5 Re8xe3
29.Re1xe3 Qc2c1
30.Kf2 Qc1d2
31.Re3e2 Qd2xf4
32.Kg2 { resign }
1-0

[Event "Tourn. n8124"]
[Site "www.chess-mail.com"]
[Date "2015.05.02"]
[Round "1"]
[White "Tenzinnima"]
[Black "Neo"]
[WhiteElo "1890"]
[BlackElo "1740"]
[Result "0-1"]
[Round "1"]
1.Ng1f3 d5
2.d4 e6
3.g3 g6
4.Bf1g2 Bf8g7
5.O-O Ng8f6
6.c4 c6
7.Bc1g5 O-O
8.Nb1a3 b6
9.Nf3e5 dxc4
10.Na3xc4 c5
11.Bg2xa8 cxd4
12.Qd1d2 Bc8a6
13.Rf1d1 Ba6xc4
14.Ne5xc4 Nb8d7
 { time }
0-1

[Event "Tourn. n8113"]
[Site "www.chess-mail.com"]
[Date "2015.05.02"]
[Round "1"]
[White "Woodpusher2"]
[Black "Emmanuelasi"]
[WhiteElo "2570"]
[BlackElo "2340"]
[Result "1/2-1/2"]
[Round "1"]
1.e4 Nb8c6
2.Ng1f3 e5
3.Bf1b5 Ng8f6
4.O-O Nf6xe4
5.d4 Ne4d6
6.Bb5xc6 dxc6
7.dxe5 Nd6f5
8.Qd1xd8 Kxd8
9.Nb1c3 Bf8e7
10.h3 h6
11.Rf1d1 Ke8
12.b3 Bc8e6
13.g4 Nf5h4
14.Nf3xh4 Be7xh4
15.Nc3e2 h5
16.Ne2f4 hxg4
17.Nf4xe6 fxe6
18.hxg4 Bh4e7
19.Kg2 Ra8d8
20.Rd1xd8 Be7xd8
21.Bc1e3 b6
22.Ra1h1 Rh8xh1
23.Kxh1 Kf7
24.b4 Bd8e7
25.c3 Kg6
26.Kg2 Be7h4
27.Kh3 Bh4e7
28.Kg3 Be7d8
29.f4 Bd8e7
30.Kf3 Be7h4
31.Be3f2 Bh4e7
32.a3 Be7d8
33.Ke4 Bd8e7
34.c4 a6
35.Kd3 Be7d8
36.Ke4 { draw }
1/2-1/2

[Event "Tourn. n8223"]
[Site "www.chess-mail.com"]
[Date "2015.05.02"]
[Round "1"]
[White "Amaya"]
[Black "Xkafi"]
[WhiteElo "1980"]
[BlackElo "1960"]
[Result "0-1"]
[Round "1"]
1.d4 f5
2.e3 Ng8f6
3.Bf1d3 e6
4.Nb1d2 b6
5.f4 Bc8b7
6.Ng1f3 Bf8b4
7.c3 Bb4d6
8.O-O c5
9.Nf3e5 Nb8c6
10.Qd1f3 Qd8c7
11.a3 Nc6xe5
12.Bd3e4 Ne5xf3
{ resign }
0-1

[Event "Tourn. n8095"]
[Site "www.chess-mail.com"]
[Date "2015.05.02"]
[Round "1"]
[White "Andychesston"]
[Black "Gatoss"]
[WhiteElo "1780"]
[BlackElo "1780"]
[Result "0-1"]
[Round "1"]
1.e4 c5
2.Ng1f3 d6
3.d4 cxd4
4.Qd1xd4 Nb8c6
5.Qd4d3 Ng8f6
6.Nb1c3 e6
7.Bc1g5 h6
8.Bg5xf6 Qd8xf6
9.Bf1e2 Bf8e7
10.O-O O-O
11.a3 Nc6e5
12.Nf3xe5 Qf6xe5
13.f4 Qe5c5
14.Rf1f2 Be7h4
15.g3 Bh4e7
16.Nc3a4 Qc5c6
17.b3 b5
18.Na4b2 d5
19.Be2f3 Rf8d8
20.b4 a5
21.c3 axb4
22.cxb4 Qc6b6
23.exd5 exd5
24.Kg2 Be7f6
25.Rf2d2 Qb6e6
26.g4 Bf6xb2
27.Rd2xb2 Qe6f6
28.Qd3d2 Ra8b8
29.Ra1d1 d4
30.Rb2c2 Bc8b7
31.Bf3xb7 Rb8xb7
32.Rc2c5 Rb7e7
33.g5 hxg5
34.Rc5xg5 d3
35.Rg5e5 Re7xe5
36.fxe5 Qf6xe5
37.Rd1e1 Qe5d5
38.Kg1 Rd8d6
39.Re1e8 Kh7
40.Qd2f4 d2
41.Qf4h4 Rd6h6
42.Qh4f2 d1Q
43.Re8e1 Rh6g6
44.Kf1 Qd5h1
45.Qf2g1 Qh1xg1

0-1

[Event "Tourn. n8153"]
[Site "www.chess-mail.com"]
[Date "2015.05.02"]
[Round "1"]
[White "Gilliere"]
[Black "Towerbridge"]
[WhiteElo "1840"]
[BlackElo "1770"]
[Result "1-0"]
[Round "1"]
1.e4 d5
2.exd5 Qd8xd5
3.Nb1c3 Qd5d6
4.d3 Ng8f6
5.h3 c6
6.Ng1f3 Bc8f5
7.Bf1e2 e5
8.O-O Bf8e7
9.g4 Bf5e6
10.Nf3h2 h6
11.Nc3e4 Nf6xe4
12.dxe4 Qd6xd1
13.Rf1xd1 Nb8d7
14.Bc1e3 Nd7c5
15.Be3xc5 Be7xc5
16.a3 Bc5b6
17.c3 Ke7
18.c4 Ra8d8
19.Rd1xd8  { time }
1-0

[Event "Tourn. n7925"]
[Site "www.chess-mail.com"]
[Date "2015.05.02"]
[Round "1"]
[White "Jpmartinez"]
[Black "Seger"]
[WhiteElo "2630"]
[BlackElo "2660"]
[Result "1/2-1/2"]
[Round "1"]
1.d4 d5
2.c4 e6
3.Nb1c3 Ng8f6
4.cxd5 exd5
5.Bc1g5 c6
6.e3 Bc8f5
7.Qd1f3 Bf5g6
8.Bg5xf6 Qd8xf6
9.Qf3xf6 gxf6
10.Ng1f3 Nb8d7
11.Nf3h4 Nd7b6
12.g3 O-O-O
13.f3 Kb8
14.Kf2 Nb6c8
15.Ra1d1 Bf8b4
16.a3 Bb4d6
17.Bf1d3 Bd6c7
18.b4 Nc8d6
19.a4 Kc8
20.Nh4xg6 hxg6
21.h4 Kd7
22.b5 Rd8e8
23.Nc3e2 Bc7a5
24.g4 Ba5d8
25.h5 f5
26.hxg6 Bd8h4
27.Rh1xh4 Rh8xh4
28.gxf7 Re8h8
29.bxc6 bxc6
30.Ne2f4 fxg4
31.Rd1b1 gxf3
32.Nf4g6 Nd6xf7
33.Ng6xh4 Rh8xh4
34.Kg3 Rh4h6
35.Rb1b7 Ke6
36.Rb7c7 Rh6f6
37.Rc7xc6 Nf7d6
38.Rc6a6 f2
39.Kg2 Rf6f8
{ draw }
1/2-1/2

[Event "Tourn. n8175"]
[Site "www.chess-mail.com"]
[Date "2015.05.02"]
[Round "1"]
[White "Anja"]
[Black "Olddog55"]
[WhiteElo "1670"]
[BlackElo "1690"]
[Result "0-1"]
[Round "1"]
1.d4 d5
2.Ng1f3 Ng8f6
3.Bc1f4 g6
4.e3 Bf8g7
5.c4 O-O
6.Bf1d3 Nb8d7
7.O-O c5
8.cxd5 Nf6xd5
9.Bf4g3 cxd4
10.Nf3xd4 Nd7c5
11.Bd3c2 e5
12.Nd4f3 Bc8e6
13.Bg3xe5 Bg7xe5
14.Nf3d4 Qd8g5
15.Nd4xe6 fxe6
16.Nb1c3 Ra8d8
17.Qd1e1 Nd5b4
18.Bc2b1 Nb4d3
19.Qe1e2 b5
20.f4 Be5xf4
21.exf4 Nd3xf4
22.Qe2f3 Rd8d2
23.g4 Qg5h4
{ resign }
0-1

[Event "Tourn. n8070"]
[Site "www.chess-mail.com"]
[Date "2015.05.02"]
[Round "1"]
[White "Thurgau"]
[Black "Emmanuelasi"]
[WhiteElo "2710"]
[BlackElo "2250"]
[Result "1-0"]
[Round "1"]
1.e4 Nb8c6
2.d4 e5
3.Ng1f3 exd4
4.Nf3xd4 Bf8c5
5.Bc1e3 Qd8f6
6.c3 Ng8e7
7.Bf1c4 O-O
8.O-O Bc5b6
9.Bc4b3 d6
10.Nd4b5 Bb6xe3
11.fxe3 Qf6g5
12.Nb5xc7 Qg5xe3
13.Kh1 Ra8b8
14.Qd1xd6 Qe3xe4
15.Nb1d2 Qe4e5
16.Nd2c4 Qe5xd6
17.Nc4xd6 Nc6d8
18.Ra1e1 Bc8e6
19.Nc7xe6 fxe6
20.Rf1xf8 Kxf8
21.Kg1 Ne7c6
22.Bb3xe6 Nd8xe6
23.Re1xe6 Nc6e7
24.Kf2 b5
25.Kf3 g6
26.a3 a5
27.Re6e5 b4
28.Re5xa5 bxc3
29.bxc3 Rb8b3
30.Nd6e4 Ne7f5
31.a4 h6
32.Ra5a6 Kf7
33.a5 Rb3a3
34.g3 Nf5d4
35.Kf4 Nd4e2
36.Ke5 Ne2xc3
37.Ne4d6 Ke7
38.Ra6a7 Kd8
39.Ke6 Nc3e2
40.Ra7d7 
1-0

[Event "Match"]
[Site "www.echecsemail.com"]
[Date "2015.05.02"]
[Round "1"]
[White "Generalfree"]
[Black "Harrytheking"]
[WhiteElo "1740"]
[BlackElo "1780"]
[Result "1-0"]
[Round "1"]
1.e4 b6
2.d4 Bc8a6
3.c4 e6
4.a3 h6
5.b3 Ng8e7
6.f3 Ne7g6
7.g3 Bf8e7
8.Bf1d3 O-O
9.Bc1e3 Rf8e8
10.b4 d6
11.b5 Ba6b7
12.Nb1c3 a6
13.d5 Be7f6
14.Qd1b3 a5
15.a4 Ng6e5
16.O-O-O Ne5xd3
17.Rd1xd3 e5
18.h4 Nb8d7
19.Ng1e2 Nd7c5
20.Be3xc5 dxc5
21.h5 Bf6g5
22.f4 exf4
23.gxf4 Bg5e7
24.Rh1g1 Be7f6
25.e5 Bf6e7
26.Rd3g3 Be7h4
27.Rg3xg7 Kh8
28.Rg7xf7 Re8g8
29.Rg1xg8 Qd8xg8
30.Rf7xc7 Ra8b8
31.Nc3e4 Qg8g2
32.Qb3e3 Bh4f2
33.Ne4xf2 Qg2g8
34.e6 Bb7a8
35.d6 Ba8b7
36.Qe3c3 { resign }
1-0

[Event "Match"]
[Site "www.echecsemail.com"]
[Date "2015.05.02"]
[Round "1"]
[White "Harrytheking"]
[Black "Kesalon"]
[WhiteElo "1690"]
[BlackElo "1940"]
[Result "0-1"]
[Round "1"]
1.c4 Ng8f6
2.h3 d5
3.e3 e5
4.a3 Nb8c6
5.b3 Bc8f5
6.d3 Bf8d6
7.Ng1e2 O-O
8.Ne2g3 Bf5g6
9.Bf1e2 Rf8e8
10.Nb1c3 d4
11.exd4 exd4
12.Nc3e4 Nf6xe4
13.Ng3xe4 Bg6xe4
14.dxe4 Re8xe4
15.O-O Qd8f6
16.Be2f3 Re4e8
17.Bc1b2 Ra8d8
18.b4 Bd6e5
19.Qd1d3 Qf6f4
20.g3 Qf4h6
21.h4 b6
22.Bb2c1 Qh6d6
23.Bf3e4 h6
24.c5 Qd6f6
25.f4 Qf6e7
26.fxe5 Nc6xe5
27.Qd3b1 d3
28.Bc1d2 Ne5c4
29.Qb1a2 Nc4xd2
30.Qa2xd2 Qe7xe4
31.cxb6 axb6
32.Rf1f4 Qe4e3
33.Qd2f2 Qe3xf2
34.Kxf2 d2
35.Ra1d1 Rd8d3
36.a4 Re8d8
37.Rf4e4 Rd3a3
38.a5 bxa5
39.bxa5 Ra3xa5
40.Re4c4 c5
41.Ke2 Ra5a3
42.g4 Ra3h3
43.h5 Rd8d5
44.Rd1xd2 Rh3h2
45.Ke3 Rh2xd2
{ resign }
0-1

[Event "Match"]
[Site "www.echecsemail.com"]
[Date "2015.05.02"]
[Round "1"]
[White "Mourinho01"]
[Black "Sanci"]
[WhiteElo "2069"]
[BlackElo "1280"]
[Result "1-0"]
[Round "1"]
1.e4 Nb8c6
2.d4 d5
3.Nb1c3 e6
4.Ng1f3 Bf8b4
5.e5 Bb4xc3
6.bxc3 Ng8e7
7.Bf1d3 g6
8.Nf3g5 f5
9.h4 h6
10.Ng5h3 h5
11.Qd1f3 Ne7g8
12.Ra1b1 b6
13.Qf3g3 Ng8e7
14.Nh3f4  { time }
1-0

[Event "Match"]
[Site "www.echecsemail.com"]
[Date "2015.05.02"]
[Round "1"]
[White "Kesalon"]
[Black "Wagner"]
[WhiteElo "1940"]
[BlackElo "1660"]
[Result "1-0"]
[Round "1"]
1.e4 e5
2.Ng1f3 d6
3.d4 Bc8g4
4.dxe5 dxe5
5.Qd1xd8 Kxd8
6.Nf3xe5 Bg4e6
7.Nb1c3 Bf8b4
8.Bc1d2 f6
9.Ne5d3 b6
10.Nd3xb4 Ng8e7
11.O-O-O a5
12.Nb4d5 Ne7c6
13.Bd2e3 Nb8d7
14.Bf1b5 Nc6b4
15.Bb5xd7 Kxd7
16.Nd5xb4 Kc8
17.Nb4c6 Kb7
18.Nc6d4 Be6f7
19.Nd4f5 g6
20.Nf5e7 Rh8e8
21.Ne7d5 Re8e6
22.Nd5f4 Re6c6
23.Rd1d7 Bf7e8
24.Rd7xh7 Ra8d8
25.Rh1d1 Rd8xd1
26.Kxd1 g5
27.Nf4d5 Kc8
28.Nd5e7 Kb7
29.Ne7xc6 Be8xc6
30.Rh7f7 b5
31.Rf7xf6 b4
32.Nc3d5 g4
33.Be3f4 Bc6xd5
34.exd5 { resign }
1-0

[Event "Match"]
[Site "www.echecsemail.com"]
[Date "2015.05.02"]
[Round "1"]
[White "Drharislacan"]
[Black "Woodpusher2"]
[WhiteElo "1699"]
[BlackElo "2620"]
[Result "0-1"]
[Round "1"]
1.e4 e6
2.d4 d5
3.e5 c5
4.c3 Nb8c6
5.Ng1f3 Qd8b6
6.a3 c4
7.Nb1d2 Nc6a5
8.Bf1e2 Bc8d7
9.Ra1b1 Ra8c8
10.h4 h6
11.Rh1h3 Ng8e7
12.h5 Ne7f5
13.Qd1c2 Qb6d8
14.g4 Nf5e7
15.Kf1 Rc8c7
16.Nf3e1 Ne7c8
17.a4 Na5b3
18.Kg2 a5
19.Ne1f3 Bd7xa4
20.Be2xc4 dxc4
21.g5 hxg5
22.Nd2e4 g4
23.Ne4f6 gxf6
24.Rh3g3 gxf3
25.Rg3xf3 f5
26.h6 Ba4c6
27.Bc1f4 Rh8g8
28.Bf4g3 Bc6xf3
29.Kxf3 Qd8d5
30.Kf4 Bf8xh6

0-1

[Event "Match"]
[Site "www.echecsemail.com"]
[Date "2015.05.02"]
[Round "1"]
[White "Ztornad"]
[Black "Bluetealeaf"]
[WhiteElo "1780"]
[BlackElo "1750"]
[Result "1-0"]
[Round "1"]
1.e4 e5
2.Nb1c3 c6
3.Bf1c4 Qd8f6
4.Qd1f3 Bf8c5
5.Qf3xf6 Ng8xf6
6.Ng1h3 h6
7.a4 b6
8.d3 Bc5b4
9.O-O Bb4c5
10.Bc1e3 Bc5xe3
11.fxe3 d6
12.Nh3f2 g5
13.d4 Nb8d7
14.d5 cxd5
15.exd5 Nd7c5
16.Bc4b5 Bc8d7
17.Bb5xd7 Kxd7
18.h3 h5
19.a5 bxa5
20.Ra1xa5 a6
21.b4 Nc5b7
22.Ra5a1 g4
23.h4 g3
24.Nf2e4 Nf6g4
25.Rf1xf7 Kc8
26.b5 a5
27.Nc3a4 Ra8b8
28.Na4b6 Kd8
29.Ra1e1 Ke8
30.Rf7xb7 Rb8d8
31.Re1f1 Ng4h6
32.Ne4f6 Kf8
33.Nf6xh5 Ke8
34.Nh5g7 
1-0

[Event "Match"]
[Site "www.echecsemail.com"]
[Date "2015.05.02"]
[Round "1"]
[White "Gorski"]
[Black "Poska"]
[WhiteElo "1130"]
[BlackElo "1499"]
[Result "1-0"]
[Round "1"]
1.e4 c5
2.Bf1c4 Ng8f6
3.Nb1c3 d6
4.d3 Bc8d7
5.Bc1g5 Bd7g4
6.Qd1d2 e5
7.Ng1f3  { time }
1-0

[Event "Match"]
[Site "www.echecsemail.com"]
[Date "2015.05.02"]
[Round "1"]
[White "Wagner"]
[Black "Ketchuplover"]
[WhiteElo "1660"]
[BlackElo "1940"]
[Result "0-1"]
[Round "1"]
1.e4 c5
2.Bf1c4 e6
3.g4 Nb8c6
4.Qd1f3 Nc6e5
5.Qf3e2 Ne5xc4
6.Qe2xc4 Qd8g5
7.Qc4e2 Ng8f6
8.Nb1c3 Qg5xg4
9.f3 Qg4h4
10.Kf1 Bf8e7
11.d3 Nf6h5
12.Qe2g2 Be7f6
13.Ng1e2 b6
14.Nc3b5 O-O
15.f4 a6
16.c4 axb5
17.e5 Bc8a6
18.Bc1e3 bxc4
19.Be3f2 cxd3
20.Ke1 Bf6xe5
21.Bf2xh4 Be5xb2
22.Ra1b1 dxe2
23.Rb1xb2 Nh5xf4
24.Qg2e4 Nf4d3
25.Kxe2 Nd3xb2
26.Ke1 Ba6d3
27.Qe4g2 Nb2c4
28.Qg2g3 Bd3g6
29.Qg3c3 Ra8xa2
30.Kf1 Ra2c2
31.Qc3b3 Nc4d2
{ resign }
0-1

[Event "Match"]
[Site "www.echecsemail.com"]
[Date "2015.05.02"]
[Round "1"]
[White "Asoka"]
[Black "Drharislacan"]
[WhiteElo "2610"]
[BlackElo "1699"]
[Result "1-0"]
[Round "1"]
1.e4 d6
2.d4 Ng8f6
3.Nb1c3 Nb8d7
4.f4 c5
5.e5 Nf6g8
6.Ng1f3 e6
7.d5 h5
8.Nf3g5 dxe5
9.dxe6 fxe6
10.Ng5xe6 Qd8e7
11.Nc3d5 Qe7xe6
12.Nd5c7 { resign }
1-0

[Event "Match"]
[Site "www.echecsemail.com"]
[Date "2015.05.02"]
[Round "1"]
[White "Asoka"]
[Black "Drharislacan"]
[WhiteElo "2610"]
[BlackElo "1699"]
[Result "1-0"]
[Round "1"]
1.d4 Ng8f6
2.c4 g6
3.Nb1c3 Nb8c6
4.d5 Nc6e5
5.e4 d6
6.Qd1a4 Bc8d7
7.Qa4c2 c5
8.f4 Ne5g4
9.h3 Ng4h6
10.Ng1f3 Nh6g8
11.Bf1d3 h5
12.e5 Nf6h7
13.Bd3xg6 fxg6
14.Qc2xg6 { resign }
1-0

[Event "Match"]
[Site "www.echecsemail.com"]
[Date "2015.05.02"]
[Round "1"]
[White "Forest"]
[Black "Harrytheking"]
[WhiteElo "1570"]
[BlackElo "1700"]
[Result "0-1"]
[Round "1"]
1.d4 b6
2.Ng1f3 Bc8b7
3.c4 h6
4.Nb1c3 e6
5.a3 Ng8e7
6.e4 Ne7g6
7.Bf1e2 Bf8e7
8.Bc1e3 O-O
9.O-O d6
10.b4 Nb8d7
11.Qd1c2 a6
12.Rf1e1 Rf8e8
13.Re1d1 Nd7f6
14.e5 dxe5
15.dxe5 Nf6d7
16.Be3d4 Qd8c8
17.Rd1e1 Ng6f4
18.Ra1d1 Nf4xe2
19.Qc2xe2 c5
20.bxc5 bxc5
21.Bd4e3 Be7d8
22.Rd1b1 Bd8c7
23.Re1d1 Nd7xe5
24.Nf3xe5 Bc7xe5
 { time }
0-1

[Event "1/8 Finale"]
[Site "www.chess-mail.com"]
[Date "2015.05.02"]
[Round "1"]
[White "Cobraxx7"]
[Black "Hwj"]
[WhiteElo "2690"]
[BlackElo "2800"]
[Result "1/2-1/2"]
[Round "1"]
1.e4 c5
2.Ng1f3 d6
3.Bf1b5 Nb8d7
4.O-O a6
5.Bb5xd7 Bc8xd7
6.d4 cxd4
7.Qd1xd4 e5
8.Qd4d3 Ra8c8
9.Rf1d1 Qd8c7
10.Nb1c3 h6
11.h3 Ng8f6
12.a4 Bf8e7
13.Nf3h2 O-O
14.Nh2f1 Bd7e6
15.a5 Qc7c5
16.Nf1e3 Rf8e8
17.Ra1a4 Be6d7
18.Ra4a1 Bd7e6
19.Ra1a4 Be6d7
{ draw }
1/2-1/2

[Event "1/128 Finale"]
[Site "www.chess-mail.com"]
[Date "2015.05.02"]
[Round "1"]
[White "Inez"]
[Black "Fanny33"]
[WhiteElo "1270"]
[BlackElo "2760"]
[Result "0-1"]
[Round "1"]
1.d4 f5
2.Nb1c3 Ng8f6
3.Bc1g5 d5
4.Bg5xf6 exf6
5.e3 Bc8e6
6.Qd1f3 Qd8d7
7.Bf1b5 Nb8c6
8.Ng1e2 g5
9.Ne2g3 O-O-O
10.Ng3h5 a6
11.Bb5xc6 Qd7xc6
12.a3 Qc6e8
13.h3 Qe8g6
14.Nc3e2 Bf8d6
15.O-O-O Rh8f8
16.g3 f4
{ resign }
0-1

[Event "Eq:Slap Shot Mates-The League Of Gentlemen : "]
[Site "www.chess-mail.com"]
[Date "2015.05.02"]
[Round "1"]
[White "Dspillman"]
[Black "Geodad5"]
[WhiteElo "1620"]
[BlackElo "2190"]
[Result "0-1"]
[Round "1"]
1.e4 c5
2.b3 d6
3.Bc1b2 Nb8c6
4.Ng1f3 Bc8g4
5.Bf1b5 Qd8b6
6.Nb1c3 a6
7.Bb5c4 e6
8.h3 Bg4xf3
9.Qd1xf3 Ng8f6
10.O-O-O Qb6c7
11.Rh1e1 Bf8e7
12.Re1e3 O-O
13.e5 Nc6xe5
14.Qf3e2 b5
15.Bc4d3 Rf8c8
16.f4 Ne5xd3
17.cxd3 d5
18.Re3e5 c4
19.bxc4 Be7d6
20.Re5e3 Bd6xf4
21.Re3f3 d4
22.Nc3e4 Nf6xe4
23.Qe2xe4 bxc4
24.Kc2 cxd3
25.Kxd3 Qc7c4
{ resign }
0-1

[Event "Tourn. n8117"]
[Site "www.chess-mail.com"]
[Date "2015.05.03"]
[Round "1"]
[White "Gene4267"]
[Black "Falcoale"]
[WhiteElo "1969"]
[BlackElo "1940"]
[Result "1-0"]
[Round "1"]
1.d4 Ng8f6
2.c4 e6
3.Nb1c3 Bf8b4
4.Qd1c2 Nb8c6
5.a3 Bb4e7
6.Ng1f3 O-O
7.e3 b6
8.Bf1d3 Bc8b7
9.e4 h6
10.O-O d5
11.cxd5 exd5
12.e5 Nf6e4
13.Nc3xe4 dxe4
14.Bd3xe4 Ra8b8
15.Be4xc6 a5
16.Bc6xb7 Rb8xb7
17.Qc2e4 Rb7b8
18.Bc1e3 c5
19.d5 f5
20.Qe4c4 b5
21.Qc4a2 c4
22.d6 Be7g5
23.Be3xg5 hxg5
24.a4 g4
25.Nf3d4 Qd8b6
26.Nd4xb5 Kh8
27.Qa2xc4 Rb8c8
28.Qc4d5 Rc8c5
29.Qd5e6 Qb6d8
30.Ra1c1 Rc5xc1
31.Rf1xc1 f4
32.Qe6xg4 Qd8b6
33.e6 f3
34.e7 { resign }
1-0